| 000 | 01059cam a22003015a 4500 | ||
|---|---|---|---|
| 001 | 18023692 | ||
| 005 | 20151027125819.0 | ||
| 008 | 140129t2014 maua frb 001 0 eng d | ||
| 010 | _a 2013050374 | ||
| 020 | _a9780124115774 | ||
| 040 |
_aDLC _beng _cDLC _dD LC _dEG-ScBUE |
||
| 082 | 0 | 4 |
_a363.254 _bBLA _222 |
| 100 | 1 |
_aBlack, Inge Sebyan. _938584 |
|
| 245 | 1 | 4 |
_aThe art of investigative interviewing / _cInge Sebyan Black, Charles L. Yeschke. |
| 250 | _a3rd ed. | ||
| 260 |
_aWaltham ; _aOxford : _bButterworth-Heinemann / Elsevier, _cc.2014. |
||
| 300 |
_axxiv, 171 p. : _bill. ; _c23 cm. |
||
| 500 | _aRevised edition of the author's The art of investigative interviewing : a human approach to testimonial evidence, 2nd ed. | ||
| 500 | _aIndex : p. 167-171. | ||
| 504 | _aBibliography : p. 165-166. | ||
| 650 | 0 |
_aInterviewing in law enforcement. _2BUEsh |
|
| 650 | 0 |
_aPolice questioning. _2BUEsh |
|
| 651 | _2BUEsh | ||
| 653 |
_bBUSBOL _cOctober2015 |
||
| 655 |
_vReading book _934232 |
||
| 700 | 1 |
_aYeschke, Charles L. _938582 |
|
| 942 | _2ddc | ||
| 999 |
_c20993 _d20965 |
||